Generazioni dei Pokémon - Quiz n°36 - Statistics

Statistiche generali
  • Questo quiz è stato fatto 5 volte
  • Il punteggio medio è 13 su 15
Statistiche sulle risposte
Hint Risposta % Corretto
Electivire Quarta
100%
Vanillish Quinta
100%
Tynamo Quinta
100%
Trubbish Quinta
100%
Blitzle Quinta
100%
Larvesta Quinta
100%
Forretress Seconda
100%
Sudowoodo Seconda
100%
Murkrow Seconda
80%
Mantine Seconda
80%
Cosmoem Settima
80%
Tadbulb Nona
60%
Trumbeak Settima
60%
Shelgon Terza
60%
Alcremie Ottava
40%
Nessun quiz corrispondente trovato
Distribuzione punteggi
Percentuale di utenti per punteggio
Percentile per numero di risposta
I tuoi punteggi nel tempo
Non hai fatto questo quiz